000 00846nam a2200277Ia 4500
001 Para_4754
003 CHAP
008 220125s1939 xx 000 0 und d
010 _a203228
040 _cCHAP
090 _aPA FOLLETO 2156
100 _aEyer, J. R.
_939217
245 _aDusting and spraying for the control of insect pests of the irsh potato /
_c J. R. Eyer, and J. V. Enzie
260 _aLas Cruces, State College :
_b New México College
300 _a40 p.
440 _aNew México Agr. Exp. Sta. Bull.; 266
_9168903
650 _aPapa
_x Plagas Aspersión Control de plagas
_9168904
700 _aEnzie, J. V.
_937194
901 _aPA FOLLETO 2156
902 _aA
905 _a0000001939 LASa 0000000000 00
910 _a1939
942 _cPARA
942 _cPARA
_d1
999 _c203228
_d203228